| 000 | 00822nam a22002777a 4500 | ||
|---|---|---|---|
| 003 | CHAP | ||
| 005 | 20220329134725.0 | ||
| 008 | 971013s r 00010 d | ||
| 010 | _a24842 | ||
| 011 | _a25814 | ||
| 035 | _a29914 | ||
| 040 | _cCHAP | ||
| 090 | _aR-2853 | ||
| 110 |
_aBrooklyn Botanic Garden. Brooklyn, N. Y. _915566 |
||
| 245 | _aGardening in containers | ||
| 500 | _aSobretiro de : Plants & Gardens 14 (1) : 1-80, 1958 | ||
| 590 |
_aBATCH-UPD _b10 _c20130110 _lUCH01 _h1224 |
||
| 590 |
_aBATCH-UPD _b10 _c20130410 _lUCH01 _h0757 |
||
| 590 |
_aBATCH-UPD _b10 _c20130914 _lUCH01 _h1702 |
||
| 590 |
_aCONVERSION _b10 _c20130109 _lUCH01 _h1314 |
||
| 650 | 1 | 4 |
_aJardinerÃa. _961143 |
| 650 | 1 | 4 |
_aSiembra en maceta. _9105841 |
| 901 | _aBK | ||
| 942 | _cREIMP | ||
| 949 |
_aR-2853 _bBC _cR _d-69031 _eTS1 _i29914 _si |
||
| 999 |
_c24842 _d24842 |
||